| 000 | 02034nam a2200433 a 4500 | ||
|---|---|---|---|
| 001 | ebr10214527 | ||
| 003 | CaPaEBR | ||
| 006 | m u | ||
| 007 | cr cn||||||||| | ||
| 008 | 081024s2006 sz a sb 000 0 eng d | ||
| 020 | _z9789241572378 | ||
| 020 | _z924157237X | ||
| 040 |
_aCaPaEBR _cCaPaEBR |
||
| 035 | _a(OCoLC)290514430 | ||
| 041 | 0 |
_aeng _bfre _bspa |
|
| 050 | 1 | 4 |
_aRA441 _b.P75 2006eb |
| 245 | 0 | 0 |
_aPrinciples for evaluating health risks in children associated with exposure to chemicals _h[electronic resource] / _cfirst drafts prepared by Germaine Buck Louis ... [et al.]. |
| 260 |
_aGeneva : _bWorld Health Organization, _c2006. |
||
| 300 |
_axxii, 329 p. : _bill. |
||
| 490 | 1 |
_aEnvironmental health criteria, _x0250-863X ; _v237 |
|
| 500 | _a"Published under the joint sponsorship of the United Nations Environment Programme, the International Labour Organisation and the World Health Organization, and produced within the framework of the Inter-Organization Programme for the Sound Management of Chemicals." | ||
| 504 | _aIncludes bibliographical references. | ||
| 533 |
_aElectronic reproduction. _bPalo Alto, Calif. : _cebrary, _d2011. _nAvailable via World Wide Web. _nAccess may be limited to ebrary affiliated libraries. |
||
| 546 | _aSummaries in French and Spanish. | ||
| 650 | 0 | _aOrganic compounds. | |
| 650 | 0 | _aInorganic compounds. | |
| 650 | 0 | _aEnvironmental health. | |
| 650 | 0 | _aRisk assessment. | |
| 655 | 7 |
_aElectronic books. _2local |
|
| 700 | 1 | _aLouis, Germaine Buck. | |
| 710 | 2 | _aUnited Nations Environment Programme. | |
| 710 | 2 | _aInternational Labour Organisation. | |
| 710 | 2 | _aWorld Health Organization. | |
| 710 | 2 | _aInter-Organization Programme for the Sound Management of Chemicals. | |
| 710 | 2 | _aInternational Program on Chemical Safety. | |
| 710 | 2 | _aebrary, Inc. | |
| 830 | 0 |
_aEnvironmental health criteria ; _v237. |
|
| 856 | 4 | 0 |
_uhttp://site.ebrary.com/lib/rucke/Doc?id=10214527 _zAn electronic book accessible through the World Wide Web; click to view |
| 999 |
_c128137 _d128137 |
||